Statystyki dla Państwa Europy po II wojnie światowej

Kliknij tutaj aby rozwiązać quiz!

Ogólne statystyki

  • Ten quiz został rozwiązany 11 348 razy
  • Średni wynik to 30 z 32

Odpowiedzi na mapie

Odpowiedzi skodowane kolorowo w zielono-czerwonej skali na mapie do tego quizu, zgodnie z poniższymi procentami.
Ładowanie ...
 

Statystyki odpowiedzi

Kraj% Poprawnych
Polska
99%
Norwegia
98%
Szwecja
98%
Włochy
98%
Wielka Brytania
98%
Francja
98%
Hiszpania
98%
Portugalia
97%
Finlandia
97%
Irlandia
97%
Islandia
96%
Związek Radziecki
96%
Grecja
96%
Dania
96%
Czechosłowacja
96%
Belgia
96%
Holandia
96%
Austria
95%
Węgry
94%
Szwajcaria
94%
Rumunia
94%
Watykan
93%
Luksemburg
91%
Niemiecka Republika Demokratyczna
90%
San Marino
90%
Andora
90%
Liechtenstein
90%
Jugosławia
90%
Bułgaria
90%
Albania
90%
Monako
89%
Niemcy Zachodnie
87%

Rozkład punktacji

Percentyl według liczby udzielonych odpowiedzi

Procent ludzi z każdym wynikiem

Twoja historia wyników

Nie rozwiązałeś tego quizu